000 00731nam a2200253Ia 4500
003 OSt
005 20220918222902.0
006 a|||||r|||| 00| 0
007 ta
008 220917b |||||||| |||| 00| 0 eng d
024 _a219,258
037 _cTextual
040 _aARTS
_cARTS
_beng
041 _2eng
_aeng
082 _aX:89ZB.2, P3
100 _aSengupta Ramprasad Ed.
_9144305
245 0 _aChallenge of sustainable development
_b The Indian dynamics
260 _aDelhi
_bManak pub.
_c2003
300 _axvi, 380p
_ccm.
650 _aECONOMICS
700 _a Sinha Anup K. Ed.
_9144306
942 _hX:89ZB.2, P3
_cTEXL
_2CC
999 _c276717
_d276717